000 00571nam a2200181Ia 4500
003 GCL
008 140319s9999 xx 000 0 ara d
040 _aGCL /
_cGCL
082 0 4 _a811.3
_bم ا
100 1 _aمحمد مصطفى هدارة
245 1 0 _aاتجاهات الشعر العربى فى القرن الثانى الهجرى /
_cمحمد مصطفى هدارة
260 _a[S.N] :
_bدار العلوم العربية ،
_c1988
300 _a725 ص
490 _a
650 0 4 _aالشعر العربى
650 0 4 _aتاريخ ونقد
942 _2ddc
_cBK
999 _c53281
_d53281